[Event "Titled Tuesday intern op 04th Jan"]
[Site "Chess.com INT"]
[Date "2022.01.04"]
[Round "6"]
[White "Kostiukov, Alexandr"]
[Black "Baglan, Esat"]
[Result "0-1"]
[WhiteElo "2271"]
[BlackElo "2333"]
[PlyCount "74"]
[EventDate "2022.01.04"]
[EventType "swiss (blitz)"]
[EventRounds "11"]
[EventCountry "USA"]
[SourceTitle "EXT 2023"]
[Source "ChessBase"]
[SourceDate "2022.10.05"]
[SourceVersion "1"]
[SourceVersionDate "2022.10.05"]
[SourceQuality "1"]

1. g3 c5 2. Bg2 Nc6 3. c4 g6 4. Nf3 Bg7 5. 0-0 e5 6. Nc3 Nf6 7. Ne1 d6 8. Nc2 Be6 9. Ne3 0-0 10. Ned5 h6 11. d3 Nd7 12. Rb1 Rb8 13. a3 f5 14. b4 b6 15. Bd2 g5 16. f4 exf4 17. gxf4 g4 18. e4 Nd4 19. exf5 Bxf5 20. Ne4 Nf6 21. Qe1 Nxd5 22. cxd5 Qe7 23. Kh1 Rbe8 24. bxc5 bxc5 25. Bc3 c4 26. Qf2 cxd3 27. Nxd6 Qxd6 28. Bxd4 Bxd4 29. Qxd4 Re7 30. Rfe1 d2 31. Rxe7 Qxe7 32. Rf1 Qe2 33. d6 Bc2 34. Qd5+ Kh7 35. Qb7+ Kg6 36. Qe7 Qxf1+ 37. Bxf1 d1Q 0-1